000 01405nam0a2200301 4500
001 RU\NLR\bibl\1031624
005 20260405143713.0
021 _aRU
_b2006-76384
_93865
035 _a(NLR Aleph) 001019083
090 _a686870
_c686870
100 _a20070117d2006 |||y0rusy50 ca
101 0 _arus
102 _aRU
105 _ay |||||||||
200 1 _aМедународное право и правовая система Российской Федерации
_eлекция
_fТ.Д. Матвеева
_gРос. акад. гос. службы при Президенте Рос. Федерации
205 _a[Изд. 2-е, испр. и доп.]
210 _aМосква
_cИзд-во РАГС
_d2006
215 _a41 с.
_d21
320 _aБиблиогр.: с. 39-41 и в подстроч. примеч.
606 1 _aМеждународное право
_jУчебные издания для высших учебных заведений
_xНормы
_xПрименение
_yРоссийская Федерация
_92071072
_3RU\NLR\auth\661245816
686 _aХ91г(2)я73
700 1 _4070
_8rus
_7ca
_aМатвеева
_bТ. Д.
_cд-р юрид. наук
_f1940-
_gТатьяна Дмитриевна
_3RU\NLR\auth\7759398
_942329
801 0 _aRU
_bNLR
_c20070117
_gRCR
801 1 _aRU
_bNLR
_c20070117
830 _aавт. по кн.
942 _cBOOK
980 _aNB